| 000 | 00710nam a22002292 4500 | ||
|---|---|---|---|
| 001 | 51120 | ||
| 003 | BD-RjUL | ||
| 005 | 20211209075619.0 | ||
| 008 | 160828s1953 nyu 000 0 eng | ||
| 035 | _a(BD-RjUL)51240 | ||
| 040 |
_aDLC _cFHM _dUKM _dEQO _dBD-RjUL _beng |
||
| 041 | _aeng | ||
| 082 |
_a420.4 _bROO 1953 |
||
| 100 | 1 |
_aRossiter, A. P. _q(Arthur Percival), _d-1957. _9152914 |
|
| 245 | 1 | 0 |
_aOur living language : _ban English-man looks at his English / |
| 260 |
_aLondon ; _aNew York : _bLongmans, Green, _c1953 |
||
| 300 |
_av, 249 p. ; _c19 cm. |
||
| 650 | 0 |
_aEnglish language. _9152915 |
|
| 650 | 0 |
_aEnglish literature _xStudy and teaching. _9152916 |
|
| 942 |
_2ddc _cBK |
||
| 999 |
_c51120 _d51120 |
||